00608nam a2200241Ia 450000500170000000800460001702000180006303700100008104000080009104000080009904000080010704100080011504100080012308400080013110000170013924500280015624500840018426000230026826000090029136500050030036500080030585600530031320260324120057.0008 260324s9999 xx 000 0 eng d a9780429481628 aEBOOK aCRL beng cCRL 2eng aeng qCRL aRonnie Solan 4aThe Enigma of Childhood 4bThe Profound Impact of the First Years of Life on Adults as Couples and Parents bTaylor and Francis c2015 a b205 uhttp://www.taylorfrancis.com/books/9780429481628